Manual de auditoria governamental / (Record no. 1410)
[ view plain ]
| 000 -LÍDER | |
|---|---|
| Campo Fixo de Controle | 00767nam a2200229 a 4500 |
| 001 - NÚMERO DE CONTROLE | |
| Campo de Controle | 1410 |
| 003 - IDENTIFICAÇÃO DO NÚMERO DE CONTROLE | |
| Campo de Controle | BR-CuiBMT |
| 005 - DATA E HORA DA ÚLTIMA ATUALIZAÇÃO | |
| Campo de Controle | 20231210143727.0 |
| 008 - DADOS FIXOS | |
| Dados Fixos | 231206s2018 rjba 000 0 por d |
| 040 ## - AGÊNCIA CATALOGADORA | |
| Código da Agência Catalogadora | BR-CuiBMT |
| Agência que transcreveu o registro | BR-CuiBMT |
| 080 ## - Nº DA CLASSIFICAÇÃO DECIMAL UNIVERSAL | |
| Nº edição CDU | 2007 |
| Nº Class. CDU | 657.63 |
| 090 ## - NÚMERO DE CHAMADA | |
| Nº classificação | 657.63 |
| Cutter | R585m |
| 110 1# - ENTRADA PRINCIPAL -- ENTIDADE | |
| Nome da entidade ou lugar | Rio de Janeiro (RJ). |
| Unidade subordinada | Tribunal de Contas. |
| 245 10 - TÍTULO PRINCIPAL | |
| Título principal | Manual de auditoria governamental / |
| Indicação de responsabilidade | Tribunal de Contas do Município do Rio de Janeiro. |
| 260 ## - PUBLICAÇÃO, DISTRIBUIÇÃO, ETC. | |
| Local de publicação | Rio de Janeiro : |
| Editora | TCM-RJ, |
| Data | 2018. |
| 300 ## - DESCRIÇÃO FÍSICA | |
| N. páginas ou volumes | 128 p. : |
| Ilustrações | il. ; |
| Dimensões | 21 cm |
| 504 ## - NOTA DE BIBLIOGRAFIA, ETC. | |
| Nota de bibliografia | Inclui bibliografia. |
| 610 1# - ASSUNTO -- ENTIDADE | |
| Nome da Entidade ou lugar | Rio de Janeiro (RJ). |
| Unidade subordinada | Tribunal de Contas. |
| 650 ## - ASSUNTO TÓPICO | |
| Cabeçalho tópico ou nome geográfico | Auditoria |
| Subdivisão geral | Controle externo |
| Subdivisão geográfica | Rio de Janeiro (RJ) |
| 650 ## - ASSUNTO TÓPICO | |
| Cabeçalho tópico ou nome geográfico | Auditoria governamental |
| Subdivisão geral | Tribunais de contas |
| 942 ## - ELEMENTOS DE ENTRADA ADICIONAIS (KOHA) | |
| Fonte de classificação ou esquema de arquivamento | Classificação Decimal Universal |
| Tipo de item do Koha | Livros |
| Estado: removido | Estado: perdido | Fonte de classificação ou esquema de arquivamento | Estado: danificado | Indisponível para empréstimo | Localização permanente | Localização atual | Data de aquisição | Total Checkouts | Número de Chamada completo | Código de barras | Date last seen | Número do exemplar | Preço efetivo a partir de | Tipo de item (Koha) |
|---|---|---|---|---|---|---|---|---|---|---|---|---|---|---|
| Classificação Decimal Universal | Biblioteca da Escola Superior de Contas do TCE/MT | Biblioteca da Escola Superior de Contas do TCE/MT | 06/12/2023 | 657.63 R585m | BIBTCEMT23120293 | 06/12/2023 | Ex. 1 | 06/12/2023 | Livros |